LEADER 01023nam0-22003971i-450- 001 990003025930403321 010 $a0-333-39197-7 035 $a000302593 035 $aFED01000302593 035 $a(Aleph)000302593FED01 035 $a000302593 100 $a20000920d1987----km-y0itay50------ba 101 0 $aita 102 $aIT 200 1 $aChange and Challenge in the World Economy$fBela Balassa.. 205 $areprinted. 210 $aHoundsmill$aLondon$cMacmillan$d1987. 215 $aXXVIII, 484 p., c. di tavole$d22 cm 610 0 $aCorea 676 $aF/1.21 676 $aF/1.321 676 $aF/1.331 676 $aF/1.412 676 $aF/1.421 676 $aF/1.425 676 $aF/3.2 676 $aN/1.4 702 1$aBalassa,$bBela A.$f<1928-1991> 801 0$aIT$bUNINA$gRICA$2UNIMARC 901 $aBK 912 $a990003025930403321 952 $aF/32 BAL$b4884$fSES 959 $aSES 996 $aChange and Challenge in the World Economy$9463879 997 $aUNINA DB $aING01 LEADER 04390nam 2200661 450 001 9910797893603321 005 20230807193750.0 010 $a90-272-6797-9 035 $a(CKB)3710000000494429 035 $a(EBL)4386587 035 $a(SSID)ssj0001570138 035 $a(PQKBManifestationID)16217620 035 $a(PQKBTitleCode)TC0001570138 035 $a(PQKBWorkID)14302672 035 $a(PQKB)11659396 035 $a(DLC) 2015030591 035 $a(Au-PeEL)EBL4386587 035 $a(CaPaEBR)ebr11160431 035 $a(CaONFJC)MIL845100 035 $a(OCoLC)915943198 035 $a(MiAaPQ)EBC4386587 035 $a(EXLCZ)993710000000494429 100 $a20150727h20152015 uy| 0 101 0 $aeng 135 $aur|n|---||||| 181 $ctxt 182 $cc 183 $acr 200 00$aDiscourse, politics and women as global leaders /$fedited by John Wilson, University of Ulster ; Diana Boxer, University of Florida 210 1$aAmsterdam ;$aPhiladelphia :$cJohn Benjamins Publishing Company,$d[2015] 210 4$dİ2015 215 $a1 online resource (366 p.) 225 1 $aDiscourse Approaches to Politics, Society and Culture,$x1569-9463 ;$v63 300 $aDescription based upon print version of record. 311 $a90-272-0654-6 320 $aIncludes bibliographical references and index. 327 $aDiscourse, Politics and Women as Global Leaders; Editorial page; Title page; LCC data; Table of contents; Conclusion; Women as political leaders: What now?; John Wilson & Diana Boxer; Table of contents; introduction ; Discourse, politics and women; Introduction; Women, language and politics; Women, language and identity; Women as political leaders: What now?; References; Chapter 1: "Why can't a woman be more like a man?" ; Introduction; The voice of Thatcher; Margaret Thatcher: It's her turn; Being a parliamentarian; Women in parliament 327 $aProcess and (gender) performance in prime minister's question timeThe prime minister; Conclusion; References; Chapter 2 : Breaking the glass & keeping the ceiling; Introduction; Theoretical and historical frames of analysis; Critical discourse analysis and identities as semiotic potential; Women's movements in South America; The making of the presidentas; Methodology; Creating a female presidential identity; Michelle Bachelet Jeri?a and the crack in Chile's ceiling (text and context); Cristina Ferna?ndez de Kirchner: Becoming the will of the people (text and context) 327 $aRepresentation in twitter of a distinctive spoken style in the service of a populist messageDeployment of key characteristics of CMC as identified in the literature; Emoticons; Abbreviations; "G-dropping"; Eye-dialect; Vernacular forms associated with spoken language; Intertextual devices; Conclusion; References; References from journalism and popular culture; Chapter 5: Gender and political discourse in Tunisia; Introduction; Women's role and participation in politics; Politics, power and CDA; Gender equality and issues; Pragmatic devices in the religious context 327 $aPolitical discourse and religious ideologyIntertextuality and interdiscursivity; Other faith-based controversial issues; Women's political discourse/Men's political discourse in Tunisia; Gender-identified political discourse and CofP; Female MPs' discursive practices; Data analysis; Women's competence and proficiency in politics; Women's political style and gender stereotypes; Women's discourse in politics and ideology; Interpretation of data; Conclusion; References; Chapter 6: Julia Gillard; Introduction; Analytical approach; The ascension to leadership and the "double bind" 327 $aAn unintelligible being 410 0$aDiscourse approaches to politics, society, and culture ;$v63. 606 $aDiscourse analysis$xPolitical aspects 606 $aCommunication in politics 606 $aWomen executives 615 0$aDiscourse analysis$xPolitical aspects. 615 0$aCommunication in politics. 615 0$aWomen executives. 676 $a320.082 702 $aWilson$b John$c(Communications professor), 702 $aBoxer$b Diana$f1948- 801 0$bMiAaPQ 801 1$bMiAaPQ 801 2$bMiAaPQ 906 $aBOOK 912 $a9910797893603321 996 $aDiscourse, politics and women as global leaders$93782908 997 $aUNINA